[Event "Feffernitz Raika op 13th"]
[Site "Feffernitz"]
[Date "2004.08.21"]
[Round "8"]
[White "Devide, Zoran"]
[Black "Rau, Hannes"]
[Result "1/2-1/2"]
[WhiteElo "2292"]
[BlackElo "2367"]
[PlyCount "47"]
[EventDate "2004.08.14"]
[EventType "swiss"]
[EventRounds "9"]
[EventCountry "AUT"]
[SourceTitle "EXT 2005"]
[Source "ChessBase"]
[SourceDate "2004.11.15"]
[SourceVersion "1"]
[SourceVersionDate "2004.11.15"]
[SourceQuality "1"]

1. e4 c5 2. Nf3 d6 3. d4 cxd4 4. Nxd4 Nf6 5. Nc3 Nc6 6. Bg5 e6 7. Qd2 a6 8. 0-0-0 h6 9. Be3 Bd7 10. f4 b5 11. Bd3 Be7 12. Rhe1 Qc7 13. Kb1 Nxd4 14. Bxd4 b4 15. Ne2 e5 16. Be3 a5 17. Ng3 0-0 18. fxe5 dxe5 19. Bxh6 gxh6 20. Qxh6 Rab8 21. Qg5+ Kh8 22. Qh4+ Kg8 23. Qg5+ Kh8 24. Qh4+ 1/2-1/2

[Event "Feffernitz Raika op 13th"]
[Site "Feffernitz"]
[Date "2004.08.18"]
[Round "5"]
[White "Devide, Zoran"]
[Black "Okhotnik, Vladimir"]
[Result "0-1"]
[WhiteElo "2292"]
[BlackElo "2420"]
[PlyCount "56"]
[EventDate "2004.08.14"]
[EventType "swiss"]
[EventRounds "9"]
[EventCountry "AUT"]
[SourceTitle "EXT 2005"]
[Source "ChessBase"]
[SourceDate "2004.11.15"]
[SourceVersion "1"]
[SourceVersionDate "2004.11.15"]
[SourceQuality "1"]

1. e4 c5 2. Nf3 a6 3. c4 Nc6 4. d4 cxd4 5. Nxd4 e5 6. Nc2 Bc5 7. Nc3 d6 8. Be2 Be6 9. 0-0 Nf6 10. Kh1 Rc8 11. f4 exf4 12. Bxf4 Ne5 13. Nd4 Bxd4 14. Qxd4 Bxc4 15. Bxe5 dxe5 16. Qxe5+ Qe7 17. Qxe7+ Kxe7 18. e5 Nd7 19. Bxc4 Rxc4 20. Nd5+ Ke6 21. Nf4+ Kf5 22. Nd5+ Ke6 23. Nf4+ Kxe5 24. Rae1+ Kd6 25. Rd1+ Kc6 26. Nh5 g6 27. Rxf7 Rd8 28. Nf6 Ne5 0-1

[Event "Feffernitz Raika op 13th"]
[Site "Feffernitz"]
[Date "2004.08.17"]
[Round "4"]
[White "Mazi, Leon"]
[Black "Devide, Zoran"]
[Result "1/2-1/2"]
[WhiteElo "2393"]
[BlackElo "2323"]
[PlyCount "38"]
[EventDate "2004.08.14"]
[EventType "swiss"]
[EventRounds "9"]
[EventCountry "AUT"]
[SourceTitle "EXT 2005"]
[Source "ChessBase"]
[SourceDate "2004.11.15"]
[SourceVersion "1"]
[SourceVersionDate "2004.11.15"]
[SourceQuality "1"]

1. e4 e5 2. Nf3 Nc6 3. Bb5 a6 4. Ba4 Nf6 5. 0-0 Be7 6. Re1 b5 7. Bb3 d6 8. c3 0-0 9. h3 Bb7 10. d4 Re8 11. dxe5 Nxe5 12. Nxe5 dxe5 13. Qf3 c5 14. Nd2 c4 15. Bc2 Nd7 16. Nf1 Nc5 17. Ng3 g6 18. Be3 Qc8 19. Bh6 Qe6 1/2-1/2

[Event "Feffernitz Raika op 13th"]
[Site "Feffernitz"]
[Date "2004.08.16"]
[Round "3"]
[White "Antoniewski, Rafal"]
[Black "Devide, Zoran"]
[Result "1/2-1/2"]
[WhiteElo "2484"]
[BlackElo "2292"]
[PlyCount "29"]
[EventDate "2004.08.14"]
[EventType "swiss"]
[EventRounds "9"]
[EventCountry "AUT"]
[SourceTitle "EXT 2005"]
[Source "ChessBase"]
[SourceDate "2004.11.15"]
[SourceVersion "1"]
[SourceVersionDate "2004.11.15"]
[SourceQuality "1"]

1. e4 e5 2. Nf3 Nc6 3. Nc3 Nf6 4. a3 Bc5 5. Nxe5 0-0 6. Nd3 Bd4 7. Be2 Re8 8. 0-0 Nxe4 9. Nxe4 Rxe4 10. c3 Bb6 11. Nb4 Nxb4 12. axb4 d5 13. d3 Re8 14. Bf3 Bf5 15. Bf4 1/2-1/2

[Event "Feffernitz Raika op 13th"]
[Site "Feffernitz"]
[Date "2004.08.15"]
[Round "2"]
[White "Devide, Zoran"]
[Black "Gallob, Alois"]
[Result "1-0"]
[WhiteElo "2292"]
[BlackElo "1973"]
[PlyCount "83"]
[EventDate "2004.08.14"]
[EventType "swiss"]
[EventRounds "9"]
[EventCountry "AUT"]
[SourceTitle "EXT 2005"]
[Source "ChessBase"]
[SourceDate "2004.11.15"]
[SourceVersion "1"]
[SourceVersionDate "2004.11.15"]
[SourceQuality "1"]

1. e4 d6 2. d4 g6 3. Nc3 c6 4. Bg5 Bg7 5. Qd2 h6 6. Be3 Nf6 7. f3 Nbd7 8. Bd3 b5 9. Nge2 Bb7 10. 0-0 a6 11. Nd1 Nb6 12. Nf2 Nfd7 13. f4 c5 14. c3 e5 15. fxe5 cxd4 16. cxd4 dxe5 17. d5 h5 18. Rac1 Rc8 19. Bg5 f6 20. Be3 0-0 21. Rxc8 Qxc8 22. Rc1 Qb8 23. Qa5 Qd6 24. a4 Rc8 25. Rxc8+ Bxc8 26. axb5 axb5 27. Nc3 Nc4 28. Nxb5 Nxa5 29. Nxd6 Bb7 30. Bb5 Bf8 31. Nxb7 Nxb7 32. Bxd7 Bd6 33. Nd3 Kf7 34. b4 Ke7 35. Bc8 Nd8 36. b5 Nf7 37. Nc5 Kd8 38. Be6 Ng5 39. Nb7+ Kc7 40. Nxd6 Kxd6 41. Bxg5 fxg5 42. b6 1-0

[Event "Donau op 11th"]
[Site "Aschach"]
[Date "2002.12.30"]
[Round "6"]
[White "Teske, Henrik"]
[Black "Devide, Zoran"]
[Result "1-0"]
[WhiteElo "2527"]
[BlackElo "2273"]
[PlyCount "91"]
[EventDate "2002.12.26"]
[EventType "swiss"]
[EventRounds "7"]
[EventCountry "AUT"]
[SourceTitle "CBM 091 Extra"]
[Source "ChessBase"]
[SourceDate "2003.01.09"]
[SourceVersion "1"]
[SourceVersionDate "2003.01.09"]
[SourceQuality "1"]

1. d4 Nf6 2. c4 g6 3. g3 c5 4. Nf3 cxd4 5. Nxd4 Bg7 6. Bg2 Nc6 7. 0-0 0-0 8. Nc3 Nxd4 9. Qxd4 d6 10. Qd3 Qa5 11. Bd2 Qh5 12. f3 Be6 13. b3 d5 14. cxd5 Nxd5 15. Nxd5 Bxd5 16. Rad1 Bc6 17. Bb4 Bf6 18. f4 Rac8 19. Bxc6 Rxc6 20. Rc1 Rfc8 21. Rxc6 Rxc6 22. e4 a5 23. Ba3 Rc3 24. Qd8+ Kg7 25. e5 Bh4 26. Qd1 Qf5 27. gxh4 Qe4 28. Bc1 Rd3 29. Qe1 Qf5 30. Qe2 Rh3 31. Bd2 b6 32. Be1 Rd3 33. Bg3 Rc3 34. Rd1 Qc8 35. h5 Rc2 36. Rd2 Rc1+ 37. Kg2 Qc6+ 38. Kh3 Rg1 39. Qf2 Rc1 40. f5 g5 41. f6+ Kh6 42. fxe7 Qe6+ 43. Kg2 Qc6+ 44. Qf3 Rg1+ 45. Kxg1 Qxf3 46. e8Q 1-0

[Event "Donau op 11th"]
[Site "Aschach"]
[Date "2002.12.29"]
[Round "5"]
[White "Devide, Zoran"]
[Black "Sucher, Johannes"]
[Result "1-0"]
[WhiteElo "2273"]
[BlackElo "2171"]
[PlyCount "63"]
[EventDate "2002.12.26"]
[EventType "swiss"]
[EventRounds "7"]
[EventCountry "AUT"]
[SourceTitle "CBM 091 Extra"]
[Source "ChessBase"]
[SourceDate "2003.01.09"]
[SourceVersion "1"]
[SourceVersionDate "2003.01.09"]
[SourceQuality "1"]

1. e4 d5 2. exd5 Nf6 3. d4 Qxd5 4. Nf3 Bg4 5. Be2 e6 6. Be3 Qa5+ 7. c3 c6 8. Nbd2 Nbd7 9. h3 Bh5 10. Nc4 Qd5 11. Qb3 0-0-0 12. Qa4 Nb6 13. Nxb6+ axb6 14. 0-0 g5 15. c4 Qf5 16. d5 c5 17. Rfd1 e5 18. d6 Bxd6 19. Rxd6 Rxd6 20. Qa8+ Kc7 21. Qxh8 e4 22. Nxg5 Bxe2 23. Nxf7 Rd7 24. Nh6 Qg6 25. Bf4+ Rd6 26. Qf8 Ne8 27. Nf5 Bxc4 28. Qe7+ Kc6 29. Qxe4+ Kd7 30. Qxb7+ Ke6 31. Qe7+ Kxf5 32. Qe5# 1-0

[Event "Frohnleiten op"]
[Site "Frohnleiten"]
[Date "1999.??.??"]
[Round "6"]
[White "Baumegger, Siegfried"]
[Black "Devide, Zoran"]
[Result "1/2-1/2"]
[WhiteElo "2405"]
[BlackElo "2245"]
[PlyCount "117"]
[EventDate "1999.??.??"]
[EventType "swiss"]
[EventRounds "9"]
[EventCountry "AUT"]
[SourceTitle "EXT 2001"]
[Source "ChessBase"]
[SourceDate "2000.11.22"]
[SourceVersion "1"]
[SourceVersionDate "2000.11.22"]
[SourceQuality "1"]

1. Nf3 c5 2. e4 e6 3. c3 d5 4. exd5 Qxd5 5. d4 Nc6 6. Na3 Nf6 7. Be2 Be7 8. Nb5 Qd8 9. dxc5 Bxc5 10. Qxd8+ Kxd8 11. 0-0 a6 12. Nbd4 Nxd4 13. Nxd4 Ke7 14. Be3 Bd6 15. c4 Bd7 16. Rac1 Rhc8 17. Nb3 a5 18. Bf3 Bc6 19. Bxc6 bxc6 20. f3 Rab8 21. Rc2 Be5 22. Ba7 Ra8 23. Bc5+ Ke8 24. Nc1 Nd7 25. Be3 Rab8 26. Nd3 Bf6 27. Rb1 a4 28. Nf2 Rb4 29. Ne4 Be7 30. Bd2 Rb7 31. Bc3 f5 32. Nf2 Kf7 33. Nd3 Bf6 34. Bxf6 Kxf6 35. f4 c5 36. Kf2 Rc6 37. Ke3 Rd6 38. Rd1 Rbb6 39. Nf2 g5 40. g3 e5 41. fxg5+ Kxg5 42. Rxd6 Rxd6 43. g4 f4+ 44. Kf3 Nf6 45. Re2 Re6 46. Nh3+ Kh4 47. Nxf4 Re8 48. Nd5 Nxg4 49. Kg2 Rg8 50. Kf3 Rf8+ 51. Kg2 Rg8 52. Nc3 a3 53. bxa3 Rd8 54. h3 Rd3 55. Re4 Rxh3 56. Ne2 Rxa3 57. Nc1 Rc3 58. Ne2 Rxc4 59. Rxc4 1/2-1/2

[Event "Frohnleiten op"]
[Site "Frohnleiten"]
[Date "1999.??.??"]
[Round "7"]
[White "Devide, Zoran"]
[Black "Gorbatov, Alexej"]
[Result "0-1"]
[WhiteElo "2245"]
[BlackElo "2417"]
[PlyCount "60"]
[EventDate "1999.??.??"]
[EventType "swiss"]
[EventRounds "9"]
[EventCountry "AUT"]
[SourceTitle "EXT 2001"]
[Source "ChessBase"]
[SourceDate "2000.11.22"]
[SourceVersion "1"]
[SourceVersionDate "2000.11.22"]
[SourceQuality "1"]

1. e4 g6 2. d4 Bg7 3. Nc3 d6 4. Bg5 h6 5. Be3 a6 6. a4 b6 7. Qd2 Bb7 8. Bd3 Nd7 9. Nf3 e6 10. 0-0 Ne7 11. Rae1 Kf8 12. h3 Kg8 13. Nh2 Kh7 14. f4 f5 15. d5 exd5 16. exf5 gxf5 17. Bf2 Rf8 18. Bh4 Nf6 19. Rxe7 Qxe7 20. Bxf5+ Kh8 21. Nf3 Qf7 22. g4 Ne4 23. Qg2 Rae8 24. Be1 Nxc3 25. bxc3 d4 26. cxd4 Bxd4+ 27. Kh2 Qd5 28. Bd2 Be3 29. Bc3+ Kg8 30. Qg3 Qe4 0-1

[Event "Zadar op"]
[Site "Zadar"]
[Date "1997.??.??"]
[Round "5"]
[White "Devide, Zoran"]
[Black "Sale, Srdjan"]
[Result "0-1"]
[WhiteElo "2245"]
[BlackElo "2425"]
[PlyCount "124"]
[EventDate "1997.12.??"]
[EventType "swiss"]
[EventRounds "9"]
[EventCountry "CRO"]
[SourceTitle "EXT 1999"]
[Source "ChessBase"]
[SourceDate "1998.11.16"]
[SourceVersion "1"]
[SourceVersionDate "1998.11.16"]
[SourceQuality "1"]

1. e4 e5 2. Nf3 Nc6 3. Bb5 a6 4. Ba4 d6 5. c3 Bd7 6. d4 Nge7 7. Bb3 h6 8. Nh4 Na5 9. Bc2 c5 10. Nf5 Nxf5 11. exf5 cxd4 12. cxd4 Qh4 13. dxe5 dxe5 14. 0-0 Bc5 15. Nc3 0-0-0 16. Qd5 Bb6 17. Qxf7 Bc6 18. Be4 Bxe4 19. Qe6+ Rd7 20. Nxe4 Nc6 21. Nc3 Rhd8 22. Be3 Bd4 23. Rac1 Kb8 24. Rc2 Rd6 25. Qf7 R8d7 26. Qe8+ Ka7 27. Re2 Qg4 28. Bxd4+ exd4 29. h3 Qxf5 30. Ne4 Rd5 31. Ng3 Qd3 32. Re6 Qc4 33. b3 Qb4 34. Rc1 d3 35. Nf1 Nd4 36. Rc4 Qa5 37. Re1 Rd8 38. Qe3 Qxa2 39. Nd2 Qa5 40. Nf3 Qb6 41. Qxd3 Qxb3 42. Qxb3 Nxb3 43. Re6 Nc5 44. Rg6 R8d7 45. g4 b5 46. Rc2 b4 47. Rc6 b3 48. Rb2 a5 49. Rxc5 Rxc5 50. Rxb3 a4 51. Rb4 Ra5 52. Nd4 Rxd4 53. Rxd4 a3 54. Rd1 a2 55. Ra1 Kb6 56. Kg2 Kc5 57. Kf3 Kd4 58. h4 Kc3 59. Ke4 Kb2 60. Re1 a1Q 61. Rxa1 Rxa1 62. f4 h5 0-1

[Event "Zagreb op"]
[Site "Zagreb"]
[Date "1997.??.??"]
[Round "4"]
[White "Lasic, Luka"]
[Black "Devide, Zoran"]
[Result "1/2-1/2"]
[WhiteElo "2200"]
[BlackElo "2245"]
[PlyCount "58"]
[EventDate "1997.??.??"]
[EventType "swiss"]
[EventRounds "9"]
[EventCountry "CRO"]
[SourceTitle "EXT 1999"]
[Source "ChessBase"]
[SourceDate "1998.11.16"]
[SourceVersion "1"]
[SourceVersionDate "1998.11.16"]
[SourceQuality "1"]

1. Nf3 c5 2. g3 g6 3. Bg2 Bg7 4. 0-0 d5 5. c4 d4 6. d3 Nc6 7. e3 Nf6 8. exd4 cxd4 9. b4 Nxb4 10. Qa4+ Nc6 11. Ne5 Bd7 12. Nxc6 Qb6 13. c5 Bxc6 14. cxb6 Bxa4 15. Bxb7 0-0 16. Bxa8 Rxa8 17. bxa7 Rxa7 18. Na3 Nd7 19. Rb1 h5 20. f4 Nc5 21. Rb8+ Kh7 22. Nc4 Nxd3 23. Bd2 Bd7 24. Na5 Bh3 25. Rfb1 Rc7 26. Nb3 Ra7 27. Na5 Rc7 28. Nb3 Ra7 29. Na5 Rc7 1/2-1/2

[Event "Feffernitz Raika op 05th"]
[Site "Feffernitz"]
[Date "1996.??.??"]
[Round "?"]
[White "Devide, Zoran"]
[Black "Pilaj, Herwig"]
[Result "1/2-1/2"]
[WhiteElo "2255"]
[BlackElo "2170"]
[PlyCount "40"]
[EventDate "1996.08.??"]
[EventType "swiss"]
[EventRounds "9"]
[EventCountry "AUT"]
[SourceTitle "EXT 2004"]
[Source "ChessBase"]
[SourceDate "2003.11.25"]
[SourceVersion "1"]
[SourceVersionDate "2003.11.25"]
[SourceQuality "1"]

1. e4 c5 2. Nf3 Nc6 3. Nc3 g6 4. d4 cxd4 5. Nxd4 Bg7 6. Be3 Nf6 7. Bc4 Qa5 8. 0-0 d6 9. Bb3 0-0 10. h3 Bd7 11. f4 Nxd4 12. Bxd4 Bc6 13. Qd3 Rad8 14. Rad1 e5 15. Be3 exf4 16. Bxf4 Nh5 17. Be3 Rd7 18. Nd5 Bxd5 19. Bxd5 Bxb2 20. Rb1 Be5 1/2-1/2

[Event "Werfen op-A"]
[Site "Werfen"]
[Date "1992.??.??"]
[Round "4"]
[White "Devide, Zoran"]
[Black "Matthaei, Alexander"]
[Result "0-1"]
[WhiteElo "2250"]
[BlackElo "2245"]
[PlyCount "111"]
[EventDate "1992.08.??"]
[EventType "swiss"]
[EventRounds "9"]
[EventCountry "AUT"]
[SourceTitle "EXT 1997"]
[Source "ChessBase"]
[SourceDate "1996.11.15"]
[SourceVersion "1"]
[SourceVersionDate "1996.11.15"]
[SourceQuality "1"]

1. e4 e5 2. Nf3 Nc6 3. Bb5 a6 4. Ba4 Nf6 5. 0-0 Be7 6. Re1 b5 7. Bb3 0-0 8. d3 d6 9. c3 Bb7 10. Nbd2 Na5 11. Bc2 c5 12. Nf1 Re8 13. Ng3 h6 14. d4 exd4 15. cxd4 cxd4 16. Nxd4 Bf8 17. Ndf5 d5 18. e5 Bb4 19. Bd2 Bxd2 20. Qxd2 Ne4 21. Bxe4 dxe4 22. Qf4 Qg5 23. Qxg5 hxg5 24. Nd6 Rxe5 25. b4 Rd8 26. Ngf5 Bc8 27. Nxc8 Rxc8 28. Nd6 Rd8 29. Rxe4 Nc4 30. Rxe5 Nxe5 31. Ne4 Rd4 32. Nxg5 Rxb4 33. Rd1 Kf8 34. g3 Rb2 35. f4 Ng4 36. Rd7 Nh6 37. Nf3 Rxa2 38. Ne5 Kg8 39. Rb7 Rd2 40. Rb6 Ra2 41. Rb7 Ra4 42. Nc6 Nf5 43. g4 Nd4 44. Ne5 f6 45. Nf7 Ne2+ 46. Kf2 Nxf4 47. Nd6 Kf8 48. h4 Ng6 49. Nf5 Rxg4 50. Nxg7 Re4 51. h5 Re7 52. Rxe7 Nxe7 53. Ne6+ Kf7 54. Nc7 b4 55. Ke3 a5 56. Kd4 0-1

[Event "Hartberg op"]
[Site "Hartberg"]
[Date "1991.??.??"]
[Round "5"]
[White "Devide, Zoran"]
[Black "Lechtynsky, Jiri"]
[Result "0-1"]
[WhiteElo "2215"]
[BlackElo "2440"]
[PlyCount "67"]
[EventDate "1991.07.??"]
[EventType "swiss"]
[EventRounds "9"]
[EventCountry "AUT"]
[SourceTitle "EXT 1997"]
[Source "ChessBase"]
[SourceDate "1996.11.15"]
[SourceVersion "1"]
[SourceVersionDate "1996.11.15"]
[SourceQuality "1"]

1. e4 c5 2. Nf3 d6 3. d4 cxd4 4. Nxd4 Nf6 5. Nc3 a6 6. f4 Qc7 7. a4 Nc6 8. Nf3 Bg4 9. Be3 e6 10. Be2 d5 11. e5 Bxf3 12. Bxf3 Nd7 13. 0-0 Bc5 14. Bxc5 Nxc5 15. Kh1 0-0 16. Qe1 Rad8 17. Qf2 Nd7 18. Qh4 Nd4 19. Rad1 Qc5 20. Bg4 f5 21. exf6 Nxf6 22. Bh3 Nf5 23. Bxf5 exf5 24. Ne2 d4 25. c3 dxc3 26. Nxc3 Qb4 27. Qf2 Ng4 28. Qe2 Rxd1 29. Rxd1 Qxf4 30. g3 Qh6 31. Nd5 Qc6 32. Kg1 Kh8 33. Qe7 Re8 34. Qc7 0-1

[Event "Pula op"]
[Site "Pula"]
[Date "1990.??.??"]
[Round "1"]
[White "Devide, Zoran"]
[Black "Berkovich, Mark A"]
[Result "0-1"]
[WhiteElo "2230"]
[BlackElo "2330"]
[PlyCount "120"]
[EventDate "1990.??.??"]
[EventType "swiss"]
[EventRounds "9"]
[EventCountry "YUG"]
[SourceTitle "EXT 2000"]
[Source "ChessBase"]
[SourceDate "1999.11.16"]
[SourceVersion "1"]
[SourceVersionDate "1999.11.16"]
[SourceQuality "1"]

1. e4 e5 2. Nf3 Nc6 3. Bb5 a6 4. Ba4 Nf6 5. 0-0 Nxe4 6. d4 b5 7. Bb3 d5 8. dxe5 Be6 9. Nbd2 Nc5 10. c3 Bg4 11. Bc2 Be7 12. Re1 d4 13. b4 dxc3 14. bxc5 cxd2 15. Bxd2 0-0 16. Be4 Qd7 17. Be3 Rad8 18. Qxd7 Bxd7 19. Rad1 Nb8 20. Rc1 Bc6 21. Bg5 Rfe8 22. h3 Bxg5 23. Nxg5 Bxe4 24. Rxe4 h6 25. Nf3 Nc6 26. Re3 Rd5 27. Ra3 a5 28. Rb3 b4 29. Rc4 Nxe5 30. Nxe5 Rexe5 31. a3 bxa3 32. Rxa3 Rxc5 33. Rca4 Kf8 34. Rf3 Ke7 35. g4 f6 36. Kg2 Rb5 37. Rff4 Kd6 38. Rfd4+ Kc6 39. Rac4+ Rbc5 40. Ra4 Rcd5 41. Rf4 Rd3 42. Ra1 Kb6 43. Rc4 Rdd5 44. Rac1 Rc5 45. Rb1+ Rb5 46. Rd1 Rb4 47. Rc2 Rc5 48. Re2 h5 49. gxh5 Rxh5 50. Re6+ Kb5 51. Rd7 Rg5+ 52. Kf1 c5 53. Ree7 a4 54. Rd1 Rb3 55. h4 Rg4 56. h5 Rh3 57. Rb1+ Rb4 58. Rb7+ Kc4 59. Rc1+ Kb3 60. Rb1+ Kc3 0-1